00864cam a22002411 450000100060000000300080000600500170001400800390003103500190007004000230008904100080011208200180012010000350013824501400017325000190031326000900033230000210042249000490044350400190049250500680051165000120057970000310059130207BD-RjUL20211209051529.0140409s19621932enk 001 0 eng a(BD-RjUL)30292 aDLCcDLCdDLCbeng aeng a170bHAE 19621 aHartmann, Nicolai,d1882-1950.10aEthics /cby Nicolai Hartmann ; translated by Stanton Coit (authorized version) introduction by J. H. Muirhead ...nV-3 .pMoral Fredom a3rd impression aLondon :bG. Allen & Unwin Ltd. ;aNew York :bMacmillan Co.cC1932 [IMPRESSION 1962] a288 p. ;c22 cm.0 aLibrary of philosophy, ed. by J. H. Muirhead aincludes index0 aI. Moral phenomena. -- II. Moral values. -- III. Moral freedom. 0aEthics.1 aCoit, Stanton,d1857-1944.